<?xml version="1.0" encoding="UTF-8"?>
<record
    xmlns:xsi="http://www.w3.org/2001/XMLSchema-instance"
    xsi:schemaLocation="http://www.loc.gov/MARC21/slim http://www.loc.gov/standards/marcxml/schema/MARC21slim.xsd"
    xmlns="http://www.loc.gov/MARC21/slim">

  <leader>00544nam a2200193 a 4500</leader>
  <controlfield tag="008">990407s[1989] yxo               0  slo c</controlfield>
  <datafield tag="040" ind1=" " ind2=" ">
    <subfield code="a">SNK</subfield>
    <subfield code="b">slo</subfield>
    <subfield code="c">SNK</subfield>
    <subfield code="e">AACR2</subfield>
  </datafield>
  <datafield tag="041" ind1="1" ind2=" ">
    <subfield code="a">slo</subfield>
  </datafield>
  <datafield tag="044" ind1=" " ind2=" ">
    <subfield code="a">xo</subfield>
    <subfield code="c">SK</subfield>
  </datafield>
  <datafield tag="080" ind1=" " ind2=" ">
    <subfield code="a">659.132.21</subfield>
  </datafield>
  <datafield tag="110" ind1="0" ind2=" ">
    <subfield code="a">Obzor Bratislava, Slovensko</subfield>
    <subfield code="4">aut</subfield>
  </datafield>
  <datafield tag="245" ind1="1" ind2="0">
    <subfield code="a">Encyklop&#xE9;dia liter&#xE1;rnych diel</subfield>
    <subfield code="c">sprac. kol. autorov ; zost. Libor Kn&#x11B;zek</subfield>
  </datafield>
  <datafield tag="260" ind1=" " ind2=" ">
    <subfield code="a">Bratislava</subfield>
    <subfield code="b">Obzor</subfield>
    <subfield code="c">[1989]</subfield>
  </datafield>
  <datafield tag="300" ind1=" " ind2=" ">
    <subfield code="a">1 list</subfield>
    <subfield code="c">44x31 cm</subfield>
  </datafield>
  <datafield tag="650" ind1="0" ind2="7">
    <subfield code="a">materi&#xE1;ly informa&#x10D;n&#xE9;</subfield>
    <subfield code="2">SNK</subfield>
  </datafield>
  <datafield tag="020" ind1=" " ind2=" ">
    <subfield code="c">120</subfield>
  </datafield>
  <datafield tag="100" ind1="1" ind2=" ">
    <subfield code="a">Kne&#x17E;ek, Libor</subfield>
  </datafield>
  <datafield tag="958" ind1=" " ind2=" ">
    <subfield code="a">E</subfield>
  </datafield>
  <datafield tag="999" ind1=" " ind2=" ">
    <subfield code="c">19112</subfield>
    <subfield code="d">19112</subfield>
  </datafield>
  <datafield tag="952" ind1=" " ind2=" ">
    <subfield code="0">0</subfield>
    <subfield code="1">0</subfield>
    <subfield code="4">0</subfield>
    <subfield code="7">0</subfield>
    <subfield code="8">K</subfield>
    <subfield code="a">10000</subfield>
    <subfield code="b">10000</subfield>
    <subfield code="d">2019-11-29</subfield>
    <subfield code="g">120.00</subfield>
    <subfield code="i">17681</subfield>
    <subfield code="o">I 1343</subfield>
    <subfield code="r">2019-11-29</subfield>
    <subfield code="w">2019-11-29</subfield>
    <subfield code="y">OLDO</subfield>
  </datafield>
</record>
